| 000 | 00369pab a2200157 454500 | ||
|---|---|---|---|
| 008 | 180718b1976 xxu||||| |||| 00| 0 eng d | ||
| 100 | _aSinha, Ramashraya | ||
| 245 | _aSupersession of a municipal corporation | ||
| 260 | _c1976 | ||
| 300 | _ap.97-102. | ||
| 362 | _aJul-Sep | ||
| 650 | _aLocal government | ||
| 773 | _aNagarlok | ||
| 908 | _aN | ||
| 909 | _a102412 | ||
| 999 |
_c102410 _d102410 |
||